Name that "Saint" City. - Statistics

General Stats
  • This quiz has been taken 42 times
  • The average score is 6 of 12
Answer Stats
Hint Country City % Correct
The largest city in the Americas. Brazil São Paulo
92%
Formerly named Leningrad. Russia St. Petersburg
92%
The city with the Golden Gate Bridge. USA San Francisco
87%
"The birthplace of California" and that state's second largest city. USA San Diego
76%
Silicone Valley city, the largest in northern California. USA San Jose
61%
Oldest continuously inhabited city in the contiguous states. USA St. Augustine
50%
You might take a "cruise" to this Tenerife city in the Canary Islands. Spain Santa Cruz
39%
Home to locks on the Great Lakes. USA, Canada Sault Ste. Marie
37%
Canada's oldest city, it sits on the Bay of Fundy in New Brunswick. Canada St. John
37%
French football city near Lyon. France Saint Étienne
32%
Cornwall fishing town famed in the rhyme "as I was going to ..." UK St. Ives
29%
The Pony Express started in this Missouri city. USA St. Joseph
13%
No matching quizzes found
Score Distribution
Percent of People with Each Score
Percentile by Number Answered
Your Score History
You have not taken this quiz